000
00262nam a22001097a 4500
082
_a
CP-84
100
_a
Capt Farah
_9
51484
245
_a
Architecture & Town Planning
_b
Arch-305
260
_a
Risalpur,
_b
MCE,
_c
2018.
526
_a
0
_b
0
_c
0
_d
CP_84
942
_2
ddc
_c
BK
999
_c
554166
_d
554166